[Event "FIDE Chesscom Grand Swiss 2019"]
[Site "Douglas-Isle of Man"]
[Date "2019.10.15"]
[Round "6.39"]
[White "Solomon, Kenny"]
[Black "Paehtz, Elisabeth"]
[Result "1/2-1/2"]
[WhiteElo "2382"]
[BlackElo "2489"]
[Annotator "ChessBase"]
[PlyCount "120"]
[EventDate "2019.10.10"]
[EventType "swiss"]
[EventCountry "GBR"]
[SourceTitle "playchess.com"]
[Source "ChessBase"]
[SourceQuality "1"]
[TimeControl "40/6000+30:20/3000+30:900+30"]

1. e4 {[%emt 0:00:00]} e5 {[%emt 0:00:27]} 2. Nf3 {[%emt 0:00:00]} Nc6 {[%emt 0:00:04]} 3. Bb5 {[%emt 0:00:00]} a6 {[%emt 0:00:34]} 4. Ba4 {[%emt 0:00:03]} g6 {[%emt 0:00:04]} 5. O-O {[%emt 0:01:47]} Bg7 {[%emt 0:00:17]} 6. c3 {[%emt 0:06:24]} b5 {[%emt 0:00:14]} 7. Bb3 {[%emt 0:00:53]} Nge7 {[%emt 0:00:39]} 8. a4 {[%emt 0:09:42]} b4 {[%emt 0:03:33]} 9. d4 {[%emt 0:08:12]} exd4 {[%emt 0:03:30]} 10. Nxd4 {[%emt 0:01:01]} O-O {[%emt 0:08:31]} 11. Bg5 {[%emt 0:11:53]} Nxd4 {[%emt 0:00:27]} 12. cxd4 {[%emt 0:00:06]} h6 {[%emt 0:01:09]} 13. Be3 {[%emt 0:10:36]} d5 {[%emt 0:05:58]} 14. f3 {[%emt 0:01:02]} Bb7 {[%emt 0:02:42]} 15. e5 {[%emt 0:10:09]} Nf5 {[%emt 0:05:18]} 16. Bf2 {[%emt 0:00:05]} c5 {[%emt 0:02:25]} 17. Re1 {[%emt 0:06:37]} Re8 {[%emt 0:04:26]} 18. f4 {[%emt 0:00:25]} cxd4 {[%emt 0:04:37]} 19. Nd2 {[%emt 0:05:14]} Ne3 {[%emt 0:09:04]} 20. Qf3 {[%emt 0:08:43]} g5 {[%emt 0:11:09]} 21. Bxe3 {[%emt 0:12:23]} dxe3 {[%emt 0:00:05]} 22. Qxe3 {[%emt 0:00:04]} a5 {[%emt 0:16:02]} 23. Nf3 {[%emt 0:05:47]} gxf4 {[%emt 0:00:33]} 24. Qxf4 {[%emt 0:02:30]} Qb6+ {[%emt 0:00:05]} 25. Kh1 {[%emt 0:00:19]} Qg6 {[%emt 0:05:57]} 26. Rad1 {[%emt 0:01:09]} Rac8 {[%emt 0:06:06]} 27. Rd2 {[%emt 0:06:18]} h5 {[%emt 0:02:39]} 28. Rdd1 {[%emt 0:01:56]} Qg4 {[%emt 0:02:59]} 29. Qd4 {[%emt 0:00:12]} Qxd4 {[%emt 0:01:45]} 30. Rxd4 {[%emt 0:00:02]} Rc5 {[%emt 0:00:07]} 31. h3 {[%emt 0:00:59]} Re6 {[%emt 0:03:26]} 32. Rd2 {[%emt 0:00:26]} f6 {[%emt 0:05:15]} 33. Red1 {[%emt 0:00:47]} fxe5 {[%emt 0:00:41]} 34. Ng5 {[%emt 0:00:40]} Rg6 {[%emt 0:01:56]} 35. Ne4 {[%emt 0:00:04]} Rc7 {[%emt 0:00:17]} 36. Bxd5+ {[%emt 0:00:41]} Bxd5 {[%emt 0:00:04]} 37. Rxd5 {[%emt 0:00:01]} Rc4 {[%emt 0:00:11]} 38. Re1 {[%emt 0:00:40]} Rc2 {[%emt 0:00:13]} 39. Rd2 {[%emt 0:01:00]} Rgc6 {[%emt 0:01:13]} 40. b3 {[%emt 0:00:35]} Rxd2 {[%emt 0:00:45]} 41. Nxd2 {[%emt 0:50:01]} Rc3 {[%emt 0:50:06]} 42. Rb1 {[%emt 0:00:00]} Bh6 {[%emt 0:00:00]} 43. Nc4 {[%emt 0:00:00]} e4 {[%emt 0:00:00]} 44. Kg1 {[%emt 0:00:00]} Be3+ {[%emt 0:00:00]} 45. Kf1 {[%emt 0:00:00]} Bc5 {[%emt 0:00:00]} 46. Rd1 {[%emt 0:00:00]} Rxb3 {[%emt 0:00:00]} 47. Rd5 {[%emt 0:00:00]} Bf8 {[%emt 0:00:00]} 48. Rxh5 {[%emt 0:00:00]} Rc3 {[%emt 0:00:00]} 49. Nxa5 {[%emt 0:00:00]} Ra3 {[%emt 0:00:00]} 50. Ke2 {[%emt 0:00:12]} Rxa4 {[%emt 0:00:00]} 51. Rb5 {[%emt 0:00:25]} Bh6 {[%emt 0:00:00]} 52. Rb8+ {[%emt 0:01:45]} Kg7 {[%emt 0:00:00]} 53. Rb7+ {[%emt 0:00:15]} Kf8 {[%emt 0:00:00]} 54. Rb8+ {[%emt 0:00:16]} Kf7 {[%emt 0:00:00]} 55. Rb7+ {[%emt 0:00:05]} Ke8 {[%emt 0:00:00]} 56. Nc4 {[%emt 0:03:05]} Ra2+ {[%emt 0:00:00]} 57. Kd1 {[%emt 0:00:57]} Bf8 {[%emt 0:00:00]} 58. g4 {[%emt 0:00:43]} Rh2 {[%emt 0:00:00]} 59. g5 {[%emt 0:01:04]} Rxh3 {[%emt 0:00:00]} 60. g6 {[%emt 0:00:21]} Rg3 {[%emt 0:00:00]} 1/2-1/2

[Event "FIDE Chesscom Grand Swiss 2019"]
[Site "Douglas-Isle of Man"]
[Date "2019.10.15"]
[Round "6.40"]
[White "Jansa, Vlastimil"]
[Black "Clarke, Brandon G I"]
[Result "0-1"]
[WhiteElo "2452"]
[BlackElo "2445"]
[Annotator "ChessBase"]
[PlyCount "56"]
[EventDate "2019.10.10"]
[EventType "swiss"]
[EventCountry "GBR"]
[SourceTitle "playchess.com"]
[Source "ChessBase"]
[SourceQuality "1"]
[TimeControl "40/6000+30:20/3000+30:900+30"]

1. e4 {[%emt 0:00:46]} c5 {[%emt 0:00:00]} 2. Nf3 {[%emt 0:00:09]} Nc6 {[%emt 0:00:23]} 3. Bb5 {[%emt 0:00:43]} d6 {[%emt 0:00:29]} 4. O-O {[%emt 0:00:21]} Bd7 {[%emt 0:00:04]} 5. Re1 {[%emt 0:00:33]} Nf6 {[%emt 0:00:11]} 6. h3 {[%emt 0:00:53]} a6 {[%emt 0:00:22]} 7. Bf1 {[%emt 0:00:45]} g5 {[%emt 0:00:11]} 8. d4 {[%emt 0:13:42]} g4 {[%emt 0:00:24]} 9. hxg4 {[%emt 0:00:13]} cxd4 {[%emt 0:00:33]} 10. Nxd4 {[%emt 0:18:28]} Nxg4 {[%emt 0:01:22]} 11. Nxc6 {[%emt 0:07:24]} bxc6 {[%emt 0:00:07]} 12. Nd2 {[%emt 0:01:40]} e5 {[%emt 0:18:08]} 13. Nf3 {[%emt 0:14:24]} Rg8 {[%emt 0:00:27]} 14. Be3 {[%emt 0:03:34]} Qf6 {[%emt 0:02:20]} 15. g3 {[%emt 0:08:56]} Be7 {[%emt 0:04:27]} 16. Bg2 {[%emt 0:01:11]} Qg6 {[%emt 0:01:35]} 17. Nh2 {[%emt 0:11:16]} Nf6 {[%emt 0:07:57]} 18. Qd3 {[%emt 0:02:36]} h5 {[%emt 0:00:48]} 19. Nf3 {[%emt 0:01:24]} Ng4 {[%emt 0:00:40]} 20. Nh2 {[%emt 0:03:34]} h4 {[%emt 0:02:20]} 21. Nxg4 {[%emt 0:02:21]} Qxg4 {[%emt 0:00:41]} 22. Bd2 {[%emt 0:02:02]} hxg3 {[%emt 0:01:13]} 23. Qxg3 {[%emt 0:00:14]} Qxg3 {[%emt 0:00:17]} 24. fxg3 {[%emt 0:00:06]} Rxg3 {[%emt 0:00:17]} 25. Re3 {[%emt 0:00:11]} Rg6 {[%emt 0:00:14]} 26. Rf1 {[%emt 0:06:23]} Be6 {[%emt 0:00:02]} 27. Rff3 {[%emt 0:02:51]} d5 {[%emt 0:01:52]} 28. Rc3 {[%emt 0:02:53]} Bb4 {[%emt 0:03:55]} 0-1

[Event "FIDE Chesscom Grand Swiss 2019"]
[Site "Douglas-Isle of Man"]
[Date "2019.10.15"]
[Round "6.41"]
[White "Gavrilescu, David"]
[Black "Dahl, Baard"]
[Result "1-0"]
[WhiteElo "2451"]
[BlackElo "2067"]
[Annotator "ChessBase"]
[PlyCount "71"]
[EventDate "2019.10.10"]
[EventType "swiss"]
[EventCountry "GBR"]
[SourceTitle "playchess.com"]
[Source "ChessBase"]
[SourceQuality "1"]
[TimeControl "40/6000+30:20/3000+30:900+30"]

1. d4 {[%emt 0:00:00]} Nf6 {[%emt 0:00:00]} 2. Nf3 {[%emt 0:00:01]} g6 {[%emt 0:00:00]} 3. Nbd2 {[%emt 0:00:41]} d5 {[%emt 0:00:00]} 4. e3 {[%emt 0:00:33]} Bg7 {[%emt 0:00:00]} 5. b4 {[%emt 0:00:38]} a5 {[%emt 0:00:00]} 6. b5 {[%emt 0:00:36]} c5 {[%emt 0:00:03]} 7. bxc6 {[%emt 0:00:40]} Nxc6 {[%emt 0:00:05]} 8. Be2 {[%emt 0:00:29]} O-O {[%emt 0:00:07]} 9. O-O {[%emt 0:00:50]} Bf5 {[%emt 0:00:41]} 10. c4 {[%emt 0:00:22]} Nb4 {[%emt 0:10:42]} 11. Qb3 {[%emt 0:01:16]} dxc4 {[%emt 0:14:50]} 12. Bxc4 {[%emt 0:05:10]} Rb8 {[%emt 0:19:09]} 13. a3 {[%emt 0:05:52]} Nc6 {[%emt 0:09:13]} 14. a4 {[%emt 0:06:44]} Nb4 {[%emt 0:03:51]} 15. Bb2 {[%emt 0:05:19]} Bc2 {[%emt 0:05:43]} 16. Qa3 {[%emt 0:02:40]} Rc8 {[%emt 0:00:20]} 17. Rac1 {[%emt 0:04:58]} Nfd5 {[%emt 0:04:23]} 18. Ne1 {[%emt 0:07:50]} Nb6 {[%emt 0:03:37]} 19. Nxc2 {[%emt 0:05:14]} Nxc4 {[%emt 0:02:50]} 20. Nxc4 {[%emt 0:00:09]} Rxc4 {[%emt 0:00:09]} 21. Nxb4 {[%emt 0:00:06]} axb4 {[%emt 0:00:44]} 22. Qb3 {[%emt 0:01:06]} Rxc1 {[%emt 0:01:33]} 23. Rxc1 {[%emt 0:00:15]} Qd6 {[%emt 0:07:44]} 24. Rc5 {[%emt 0:05:59]} e5 {[%emt 0:03:36]} 25. Rd5 {[%emt 0:03:23]} Qc6 {[%emt 0:00:44]} 26. dxe5 {[%emt 0:02:13]} Ra8 {[%emt 0:01:07]} 27. a5 {[%emt 0:09:05]} Bf8 {[%emt 0:04:30]} 28. h4 {[%emt 0:08:39]} b6 {[%emt 0:05:41]} 29. a6 {[%emt 0:15:31]} Rxa6 {[%emt 0:01:42]} 30. Rd8 {[%emt 0:00:07]} Ra7 {[%emt 0:09:49]} 31. Qxb4 {[%emt 0:00:52]} Qc5 {[%emt 0:00:05]} 32. Qf4 {[%emt 0:01:00]} Qe7 {[%emt 0:00:46]} 33. Qf6 {[%emt 0:07:04]} Qe6 {[%emt 0:02:13]} 34. Re8 {[%emt 0:02:28]} Re7 {[%emt 0:00:22]} 35. Rxf8+ {[%emt 0:00:05]} Kxf8 {[%emt 0:00:08]} 36. Qh8# {[%emt 0:00:04]} 1-0

[Event "FIDE Chesscom Grand Swiss 2019"]
[Site "Douglas-Isle of Man"]
[Date "2019.10.15"]
[Round "6.42"]
[White "Kolbus, Dietmar"]
[Black "Wu, Li"]
[Result "1-0"]
[WhiteElo "2300"]
[BlackElo "2332"]
[Annotator "NA"]
[PlyCount "69"]
[EventDate "2019.10.10"]
[EventType "swiss"]
[EventCountry "GBR"]
[SourceTitle "playchess.com"]
[Source "ChessBase"]
[SourceQuality "1"]
[TimeControl "40/6000+30:20/3000+30:900+30"]

1. c4 {[%emt 0:00:00]} g6 {[%emt 0:00:00]} 2. Nc3 {[%emt 0:00:05]} Bg7 {[%emt 0:01:43]} 3. g3 {[%emt 0:00:36]} Nf6 {[%emt 0:00:38]} 4. Bg2 {[%emt 0:00:16]} O-O {[%emt 0:00:17]} 5. d4 {[%emt 0:01:05]} d6 {[%emt 0:01:34]} 6. Nf3 {[%emt 0:00:10]} Nc6 {[%emt 0:00:59]} 7. O-O {[%emt 0:03:21]} Bf5 {[%emt 0:02:56]} 8. Nh4 {[%emt 0:05:35]} Bd7 {[%emt 0:04:29]} 9. b3 {[%emt 0:03:08]} Qc8 {[%emt 0:16:14]} 10. d5 {[%emt 0:05:41]} Nb4 {[%emt 0:02:36]} 11. Bd2 {[%emt 0:05:23]} a5 {[%emt 0:04:26]} 12. Re1 {[%emt 0:03:21]} e5 {[%emt 0:11:21]} 13. Rb1 {[%emt 0:07:24]} Na6 {[%emt 0:07:21]} 14. Rc1 {[%emt 0:13:03]} Nc5 {[%emt 0:03:41]} 15. Qc2 {[%emt 0:01:05]} h6 {[%emt 0:04:37]} 16. e4 {[%emt 0:01:28]} Nh7 {[%emt 0:04:15]} 17. Be3 {[%emt 0:01:51]} b6 {[%emt 0:02:26]} 18. Rcd1 {[%emt 0:06:24]} h5 {[%emt 0:08:45]} 19. Rb1 {[%emt 0:15:46]} Bf6 {[%emt 0:01:40]} 20. Nf3 {[%emt 0:00:18]} h4 {[%emt 0:02:29]} 21. Nxh4 {[%emt 0:04:21]} Bxh4 {[%emt 0:00:15]} 22. gxh4 {[%emt 0:00:03]} f5 {[%emt 0:01:25]} 23. f4 {[%emt 0:01:34]} exf4 {[%emt 0:02:23]} 24. Bxf4 {[%emt 0:05:28]} fxe4 {[%emt 0:00:04]} 25. Bh6 {[%emt 0:00:17]} Rf7 {[%emt 0:02:55]} 26. Nxe4 {[%emt 0:05:20]} Bf5 {[%emt 0:00:12]} 27. Qc3 {[%emt 0:00:56]} Nxe4 {[%emt 0:02:09]} 28. Bxe4 {[%emt 0:00:13]} Nf6 {[%emt 0:00:06]} 29. Bxf5 {[%emt 0:01:25]} Qxf5 {[%emt 0:00:04]} 30. Rf1 {[%emt 0:00:50]} Ne4 {[%emt 0:05:58]} 31. Rxf5 {[%emt 0:00:31]} Nxc3 {[%emt 0:00:03]} 32. Rxf7 {[%emt 0:00:23]} Kxf7 {[%emt 0:00:03]} 33. Rf1+ {[%emt 0:00:42]} Kg8 {[%emt 0:00:18]} 34. Re1 {[%emt 0:09:34]} Kf7 {[%emt 0:03:49]} 35. Bd2 {[%emt 0:00:11]} 1-0

[Event "FIDE Chesscom Grand Swiss 2019"]
[Site "Douglas-Isle of Man"]
[Date "2019.10.15"]
[Round "6.43"]
[White "Nebolsina, Vera"]
[Black "Allen, Keith"]
[Result "0-1"]
[WhiteElo "2252"]
[BlackElo "2161"]
[Annotator "NA"]
[PlyCount "100"]
[EventDate "2019.10.10"]
[EventType "swiss"]
[EventCountry "GBR"]
[SourceTitle "playchess.com"]
[Source "ChessBase"]
[SourceQuality "1"]
[TimeControl "40/6000+30:20/3000+30:900+30"]

1. e4 {[%emt 0:00:00]} c6 {[%emt 0:00:00]} 2. Nf3 {[%emt 0:00:11]} d5 {[%emt 0:00:00]} 3. exd5 {[%emt 0:00:23]} cxd5 {[%emt 0:00:19]} 4. Ne5 {[%emt 0:00:19]} Nc6 {[%emt 0:03:12]} 5. Bb5 {[%emt 0:00:27]} Bd7 {[%emt 0:01:52]} 6. Nxd7 {[%emt 0:00:24]} Qxd7 {[%emt 0:00:06]} 7. d4 {[%emt 0:00:25]} e6 {[%emt 0:02:14]} 8. c3 {[%emt 0:02:42]} Nf6 {[%emt 0:00:48]} 9. O-O {[%emt 0:01:33]} h6 {[%emt 0:02:53]} 10. Be3 {[%emt 0:05:27]} a6 {[%emt 0:08:42]} 11. Bd3 {[%emt 0:00:52]} Bd6 {[%emt 0:01:40]} 12. f4 {[%emt 0:09:35]} h5 {[%emt 0:24:31]} 13. Nd2 {[%emt 0:05:31]} Qc7 {[%emt 0:01:38]} 14. Qe2 {[%emt 0:07:25]} O-O {[%emt 0:09:14]} 15. h3 {[%emt 0:09:39]} Rfe8 {[%emt 0:11:49]} 16. Rae1 {[%emt 0:07:07]} b5 {[%emt 0:02:09]} 17. Nf3 {[%emt 0:06:33]} Ne4 {[%emt 0:02:20]} 18. Bxe4 {[%emt 0:01:06]} dxe4 {[%emt 0:00:08]} 19. Ng5 {[%emt 0:00:06]} g6 {[%emt 0:01:00]} 20. Nxe4 {[%emt 0:00:20]} Be7 {[%emt 0:01:27]} 21. Qf2 {[%emt 0:04:44]} Rad8 {[%emt 0:05:19]} 22. Nd2 {[%emt 0:04:58]} b4 {[%emt 0:02:07]} 23. Nf3 {[%emt 0:00:30]} bxc3 {[%emt 0:00:53]} 24. bxc3 {[%emt 0:00:06]} Na5 {[%emt 0:01:40]} 25. Bd2 {[%emt 0:00:57]} Nc4 {[%emt 0:01:25]} 26. Rb1 {[%emt 0:12:58]} Rb8 {[%emt 0:00:54]} 27. Ne5 {[%emt 0:01:17]} Rec8 {[%emt 0:02:30]} 28. Rxb8 {[%emt 0:01:06]} Rxb8 {[%emt 0:01:32]} 29. Bc1 {[%emt 0:00:27]} Kg7 {[%emt 0:01:58]} 30. Qf3 {[%emt 0:03:25]} Rb6 {[%emt 0:08:23]} 31. Qd3 {[%emt 0:05:33]} Nd6 {[%emt 0:02:01]} 32. Ba3 {[%emt 0:03:09]} h4 {[%emt 0:01:07]} 33. Bxd6 {[%emt 0:06:02]} Bxd6 {[%emt 0:01:49]} 34. c4 {[%emt 0:04:01]} Rb2 {[%emt 0:03:54]} 35. Rf2 {[%emt 0:01:22]} Qb7 {[%emt 0:00:59]} 36. Qc3 {[%emt 0:00:36]} Rb1+ {[%emt 0:00:48]} 37. Kh2 {[%emt 0:00:32]} f6 {[%emt 0:00:56]} 38. c5 {[%emt 0:03:56]} Bc7 {[%emt 0:00:33]} 39. Ng4 {[%emt 0:02:19]} Qe4 {[%emt 0:01:07]} 40. Qe3 {[%emt 0:00:06]} Qxe3 {[%emt 0:02:22]} 41. Nxe3 {[%emt 0:50:04]} g5 {[%emt 0:51:05]} 42. Nf1 {[%emt 0:00:00]} Bxf4+ {[%emt 0:00:00]} 43. g3 {[%emt 0:00:00]} hxg3+ {[%emt 0:00:00]} 44. Nxg3 {[%emt 0:00:00]} Rd1 {[%emt 0:00:00]} 45. Kg2 {[%emt 0:00:00]} Bxg3 {[%emt 0:00:00]} 46. Kxg3 {[%emt 0:00:00]} Rxd4 {[%emt 0:00:00]} 47. Rc2 {[%emt 0:00:00]} Rd7 {[%emt 0:00:00]} 48. Kf3 {[%emt 0:00:00]} f5 {[%emt 0:00:00]} 49. Ke3 {[%emt 0:00:00]} e5 {[%emt 0:00:00]} 50. Rb2 {[%emt 0:00:00]} Rc7 {[%emt 0:00:00]} 0-1